000 00563nam a2200217Ia 4500
003 OSt
005 20220928140516.0
006 a|||||r|||| 00| 0
007 ta
008 220927b |||||||| |||| 00| 0 eng d
024 _a9081
037 _cTextual
040 _aSDCL
_cSDCL
_beng
041 _2eng
_aeng
082 _aO-,3:g, L2
100 _aHewitt Douglas
_9495607
245 0 _aApproach to fiction
_b Good and bad readings of novels.
260 _c1972
942 _hO-,3:g, L2
_cTEXL
_2CC
999 _c811829
_d811829